000 00551nam a22001817a 4500
999 _c17282
_d17282
003 OSt
005 20190205112432.0
008 190205b ||||| |||| 00| 0 eng d
020 _a9781849736497
040 _aSEKU
050 _aQE 516.3
_b.G7
100 _aGrice, Kliti
245 _aPrinciples and practice of analytical techniques in geosciences
260 _a
_bWorld Resources Institute
300 _a393p.:
650 _aAnalytical geochemistry
_xEarth sciences
_xGeochemistry
_xMass spectrometry
_xChemistry, Analytic
942 _2lcc
_cGEN